| 000 | 00374nam a22001577a 4500 | ||
|---|---|---|---|
| 003 | LK-CoMWRAF | ||
| 005 | 20231117205740.0 | ||
| 008 | 231117b |||||||| |||| 00| 0 eng d | ||
| 020 | _a0723577382 | ||
| 040 |
_aLK-CoMWRAF _dLK-CoMWRAF _eLK-CoMWRAF |
||
| 041 | _aeng | ||
| 082 |
_a823 _bGIR |
||
| 245 | _aGirls' adventure stories | ||
| 650 | _aChildren stories | ||
| 942 | _cBK | ||
| 999 |
_c4114 _d4114 |
||